Indian government and politics / (Record no. 139153)

MARC details
000 -LEADER
fixed length control field 00596nam a22001937a 4500
005 - DATE AND TIME OF LATEST TRANSACTION
control field 20170421110301.0
010 ## - LCCN (DPL NO)
LC control number ENG-117913
020 ## - INTERNATIONAL STANDARD BOOK NUMBER
Terms of availability 995.00
International Standard Book Number 978812414452
035 ## - SYSTEM CONTROL NUMBER
System control number EN-101445
037 ## - SOURCE OF ACQUISITION
Source of stock number/acquisition DBAD/PUB
100 ## - MAIN ENTRY--PERSONAL NAME
Personal name Awasthy, S. S.
245 ## - TITLE STATEMENT
Title Indian government and politics /
Statement of responsibility, etc by S. S. Awasthy
250 ## - EDITION STATEMENT
Remainder of edition statement 3rd revised edition
260 ## - PUBLICATION, DISTRIBUTION, ETC. (IMPRINT)
Place of publication, distribution, etc New Delhi
Name of publisher, distributor, etc Har-anand publications
Date of publication, distribution, etc 2013
270 ## - ADDRESS
Address E-49/3, okhla industrial area, phase-II,
City New Delhi
Postal code 110020
300 ## - PHYSICAL DESCRIPTION
Extent 568p.
Dimensions 22cm(Hb)
500 ## - GENERAL NOTE
General note Includes index
942 ## - ADDED ENTRY ELEMENTS (KOHA)
Source of classification or shelving scheme Dewey Decimal Classification
Item type English Books
Classification part 320.40954
Call number suffix AWA
Holdings
Withdrawn status Lost status Not for loan Collection code Home library Current library Date acquired Source of acquisition Cost, normal purchase price Full call number Barcode Copy number Cost, replacement price Koha item type
    Not For Loan Non-fiction D.B.Act.Division Bawana 21/04/2017 DBAD/PUB 995.00 320.40954 AWA EN-101445 1 995.00 English Books

© Delhi Public Library
Hit Counter
free hit counter